2000年時点で存在した競馬場 - Statistics

General Stats
  • This quiz has been taken 132 times
  • The average score is 27 of 36
Answer Stats
Hint Answer % Correct
東京都 存続中 東京競馬場
95%
北海道 存続中 札幌競馬場
94%
北海道 存続中 函館競馬場
94%
京都府 存続中 京都競馬場
93%
新潟県 存続中 新潟競馬場
92%
岩手県 存続中 盛岡競馬場
91%
千葉県 存続中 中山競馬場
91%
千葉県 存続中 船橋競馬場
90%
福島県 存続中 福島競馬場
88%
埼玉県 存続中 浦和競馬場
87%
神奈川県 存続中 川崎競馬場
86%
石川県 存続中 金沢競馬場
86%
兵庫県 存続中 阪神競馬場
85%
愛知県 存続中 中京競馬場
84%
愛知県 存続中 名古屋競馬場
84%
北海道 存続中 帯広競馬場
83%
栃木県 2005年廃止 宇都宮競馬場
83%
高知県 存続中 高知競馬場
83%
佐賀県 存続中 佐賀競馬場
83%
群馬県 2004年廃止 高崎競馬場
82%
福岡県 存続中 小倉競馬場
79%
岐阜県 存続中 笠松競馬場
77%
兵庫県 存続中 姫路競馬場
77%
北海道 2008年休止 旭川競馬場
75%
岩手県 存続中 水沢競馬場
70%
北海道 存続中 門別競馬場
68%
広島県 2013年廃止 福山競馬場
65%
兵庫県 存続中 園田競馬場
63%
北海道 2006年休止 北見競馬場
54%
大分県 2001年廃止 中津競馬場
53%
栃木県 2003年廃止 足利競馬場
52%
山形県 2003年廃止 上山競馬場
50%
島根県 2002年廃止 益田競馬場
50%
北海道 2006年休止 岩見沢競馬場
48%
熊本県 2011年廃止 荒尾競馬場
46%
新潟県 2002年廃止 三条競馬場
43%
No matching quizzes found
Score Distribution
Percent of People with Each Score
Percentile by Number Answered
Your Score History
You have not taken this quiz